| 000 | 01027nam a2200289 a 4500 | ||
|---|---|---|---|
| 001 | 63115 | ||
| 003 | Mx-PuUPA | ||
| 005 | 20250124151309.0 | ||
| 008 | 150630s2012 sp r 000 0 spa d | ||
| 020 | _a978-84-9715-258-7 | ||
| 040 | _cMx-PuUPA | ||
| 082 | 0 |
_a231.3 _bBAS |
|
| 100 | 0 |
_aBasil, _cSaint, Bishop of Caesarea, _dapproximately 329-379 _91195 |
|
| 245 | 1 | 3 |
_aEl espíritu santo / _cBasilio, Introducción y notas de Giovanna Azzali Bernardelli; traducción del texto griego y notas de Argimirio Velasco Delgado. |
| 264 | 1 |
_aEspaña : _bEditorial Ciudad Nueva; _c2012 |
|
| 300 |
_a273 páginas ; _c21 cm. |
||
| 336 |
_atexto _2rdacontent |
||
| 337 |
_asin mediación _2rdamedia |
||
| 338 |
_avolumen _2rdacarrier |
||
| 490 | 0 |
_aBilioteca de patrística _v32 |
|
| 650 | 4 | _aEspíritu santo | |
| 650 | 4 | _aFilosofía patrística | |
| 650 | 4 | _aFilosofía cristiana | |
| 700 | 1 |
_aBernardelli, Giovanna Azzali, _eautor de introducción y notas |
|
| 700 | 1 |
_aVelasco Delgado, Argimirio, _etraductor |
|
| 942 |
_2ddc _cLI |
||
| 999 |
_c63115 _d63115 |
||